[Event "Khanty-Mansiysk Governor Cup Rapid 20th"]
[Site "Khanty-Mansiysk"]
[Date "2024.11.25"]
[Round "10"]
[White "Machankin, Aleksandr"]
[Black "Kleymenova, Valeria"]
[Result "0-1"]
[WhiteElo "1664"]
[BlackElo "2035"]
[PlyCount "70"]
[EventDate "2024.11.23"]
[EventType "swiss (rapid)"]
[EventRounds "11"]
[EventCountry "RUS"]
[SourceTitle "CB48_2024"]
[SourceDate "2024.11.28"]
[SourceVersion "1"]
[SourceVersionDate "2024.11.28"]
[SourceQuality "1"]

1. e4 c5 2. Nf3 d6 3. d4 cxd4 4. Nxd4 Nf6 5. Nc3 a6 6. Bg5 Nbd7 7. Qe2 h6 8. Bh4 g6 9. f4 e5 10. fxe5 dxe5 11. 0-0-0 Qc7 12. Nf3 b5 13. Nd5 Nxd5 14. exd5 Bd6 15. Nd2 0-0 16. Ne4 f5 17. Nxd6 Qxd6 18. Bf2 Bb7 19. Qd2 Kh7 20. g4 f4 21. Bd3 Nf6 22. g5 hxg5 23. h4 g4 24. h5 e4 25. hxg6+ Kxg6 26. Bd4 exd3 27. Qxd3+ Kg5 28. Bf2 Rh8 29. Bh4+ Rxh4 30. Rxh4 Kxh4 31. Qg6 Qe5 32. Kb1 Bxd5 33. Qh6+ Nh5 34. Qg6 Be4 35. Qb6 Bxc2+ 0-1

[Event "Khanty-Mansiysk Governor Cup Rapid 20th"]
[Site "Khanty-Mansiysk"]
[Date "2024.11.23"]
[Round "4"]
[White "Zakirov, Ruslan"]
[Black "Machankin, Aleksandr"]
[Result "0-1"]
[WhiteElo "2114"]
[BlackElo "1664"]
[PlyCount "120"]
[EventDate "2024.11.23"]
[EventType "swiss (rapid)"]
[EventRounds "11"]
[EventCountry "RUS"]
[SourceTitle "CB48_2024"]
[SourceDate "2024.11.28"]
[SourceVersion "1"]
[SourceVersionDate "2024.11.28"]
[SourceQuality "1"]

1. c4 Nf6 2. Nc3 d6 3. d4 g6 4. e4 Bg7 5. f3 0-0 6. Be3 Nbd7 7. Qd2 c6 8. Nge2 a6 9. g4 b5 10. cxb5 axb5 11. Ng3 b4 12. Nce2 c5 13. h4 Nb6 14. b3 Nfd7 15. h5 cxd4 16. Nxd4 Ne5 17. Rc1 d5 18. Bh6 Rxa2 19. Qxa2 Bxh6 20. Rd1 Be3 21. Qe2 Bxd4 22. Rxd4 Qc7 23. Qe3 Nc6 24. Ne2 Nxd4 25. Qxd4 dxe4 26. Qxe4 Ba6 27. Kf2 Qc5+ 28. Kg2 Nd5 29. Nd4 Bxf1+ 30. Rxf1 Rd8 31. hxg6 hxg6 32. Qe5 Nf4+ 33. Qxf4 Rxd4 34. Qb8+ Kg7 35. Rf2 Rd3 36. Qa8 Rxb3 37. Qe4 Re3 38. Qb1 b3 39. Qh1 Rc3 40. Qe1 Rc2 41. Rxc2 bxc2 42. Qc1 Qc3 43. Kg3 Qe5+ 44. Kf2 Qd4+ 45. Ke2 Qd1+ 46. Qxd1 cxd1Q+ 47. Kxd1 Kf6 48. Ke2 Kg5 49. Ke3 e5 50. Ke4 f6 51. Ke3 Kh4 52. Kf2 Kh3 53. Kf1 Kg3 54. Ke2 Kg2 55. Ke3 Kg3 56. Ke4 Kf2 57. f4 exf4 58. Kxf4 g5+ 59. Kf5 Kg3 60. Kxf6 Kxg4 0-1

[Event "Asian Cities-chT"]
[Site "Khanty-Mansiysk"]
[Date "2024.04.26"]
[Round "6.4"]
[White "Machankin, Aleksandr"]
[Black "Kim, Kristina"]
[Result "1/2-1/2"]
[WhiteElo "1739"]
[BlackElo "1941"]
[PlyCount "132"]
[EventDate "2024.04.21"]
[EventType "team-swiss"]
[EventRounds "9"]
[EventCountry "RUS"]
[SourceTitle "CBM 219 Extra"]
[Source "ChessBase"]
[SourceDate "2024.05.31"]
[SourceVersion "1"]
[SourceVersionDate "2024.05.31"]
[SourceQuality "1"]
[WhiteTeam "Khanty-Mansiysk"]
[BlackTeam "Pavlodar"]
[WhiteTeamCountry "RUS"]
[BlackTeamCountry "KAZ"]

1. d4 f5 2. e4 fxe4 3. Nc3 Nf6 4. Bg5 g6 5. Qd2 d5 6. 0-0-0 Nc6 7. f3 Bg7 8. Bxf6 Bxf6 9. fxe4 e5 10. Nf3 Nxd4 11. Nxd5 Nxf3 12. Nxf6+ Qxf6 13. gxf3 0-0 14. Bc4+ Be6 15. Qe2 Rad8 16. Kb1 Bxc4 17. Qxc4+ Qf7 18. Qxf7+ Kxf7 19. Kc1 Rd6 20. Rxd6 cxd6 21. Kd2 Ke6 22. Ke3 b5 23. c3 Rf4 24. Kf2 g5 25. Rg1 h6 26. b3 d5 27. exd5+ Kxd5 28. Ke3 Rh4 29. Rg2 Ke6 30. Rc2 Rh3 31. Ke4 Rh4+ 32. Ke3 e4 33. fxe4 Ke5 34. Kf3 Rf4+ 35. Kg3 Kxe4 36. Re2+ Kd3 37. Re5 a6 38. Rc5 Rf6 39. c4 b4 40. Ra5 Kc3 41. Kg4 Kd4 42. Rf5 Re6 43. Rd5+ Kc3 44. Ra5 Rf6 45. Rf5 Rd6 46. Rf2 a5 47. Kf5 a4 48. Ke5 Ra6 49. Kd5 axb3 50. Rf3+ Kc2 51. axb3 g4 52. Re3 h5 53. h3 Rg6 54. hxg4 Rg5+ 55. Kd4 h4 56. c5 Rxg4+ 57. Re4 Rg3 58. Rxh4 Kxb3 59. c6 Rc3 60. Kd5 Ka3 61. Rc4 Rxc4 62. Kxc4 b3 63. c7 b2 64. c8Q b1Q 65. Qc5+ Kb2 66. Qb4+ Ka1 1/2-1/2

[Event "Asian Cities-chT"]
[Site "Khanty-Mansiysk"]
[Date "2024.04.24"]
[Round "4.4"]
[White "Asgharzadeh, Mitra"]
[Black "Machankin, Aleksandr"]
[Result "1-0"]
[WhiteElo "2019"]
[BlackElo "1739"]
[PlyCount "93"]
[EventDate "2024.04.21"]
[EventType "team-swiss"]
[EventRounds "9"]
[EventCountry "RUS"]
[SourceTitle "CBM 219 Extra"]
[Source "ChessBase"]
[SourceDate "2024.05.31"]
[SourceVersion "1"]
[SourceVersionDate "2024.05.31"]
[SourceQuality "1"]
[WhiteTeam "Tehran (W)"]
[BlackTeam "Khanty-Mansiysk"]
[WhiteTeamCountry "IRI"]
[BlackTeamCountry "RUS"]

1. Nf3 Nf6 2. g3 b5 3. Bg2 Bb7 4. 0-0 e6 5. d3 Be7 6. Nbd2 0-0 7. e4 d6 8. Re1 Nbd7 9. c3 c5 10. d4 cxd4 11. cxd4 Rc8 12. e5 dxe5 13. dxe5 Nd5 14. Nd4 Qb6 15. N2b3 Nc5 16. Qg4 Kh8 17. Bd2 b4 18. h4 a5 19. Bg5 Bxg5 20. hxg5 Nd3 21. Re4 a4 22. Qh3 N3f4 23. gxf4 Ne7 24. Nd2 Rfd8 25. N4f3 Bxe4 26. Nxe4 Nf5 27. g6 fxg6 28. Nfg5 Nh6 29. Nd6 Rc2 30. Rf1 Rxd6 31. exd6 Qxd6 32. Qxh6 gxh6 33. Nf7+ Kg7 34. Nxd6 Rxb2 35. Ra1 Rc2 36. Bf1 h5 37. Bc4 Kf6 38. Bd3 Rc6 39. Nc4 Rc8 40. Kf1 Rd8 41. Ke2 h6 42. Rb1 b3 43. axb3 axb3 44. Rxb3 g5 45. Ke3 h4 46. Ne5 h3 47. Rb7 1-0

[Event "Khanty-Mansiysk Governor Cup 16th"]
[Site "Khanty-Mansiysk"]
[Date "2020.12.03"]
[Round "4"]
[White "Makarova, Anastasiya"]
[Black "Machankin, Aleksandr"]
[Result "0-1"]
[WhiteElo "1512"]
[BlackElo "1313"]
[PlyCount "148"]
[EventDate "2020.11.30"]
[EventType "swiss"]
[EventRounds "9"]
[EventCountry "RUS"]
[SourceTitle "CBM 199 Extra"]
[Source "ChessBase"]
[SourceDate "2021.01.31"]
[SourceVersion "1"]
[SourceVersionDate "2021.01.31"]
[SourceQuality "1"]

1. c4 e6 2. Nc3 Nf6 3. d4 b6 4. Bg5 Be7 5. e3 Bb7 6. Nf3 d6 7. Bd3 Nbd7 8. Qc2 a6 9. 0-0 Nh5 10. Bxe7 Qxe7 11. Qe2 e5 12. d5 Nhf6 13. Nd2 Nc5 14. b4 Nxd3 15. Qxd3 0-0 16. Rfe1 Qd7 17. h3 Rfe8 18. Rad1 Rad8 19. Kh2 Bc8 20. Rg1 e4 21. Ndxe4 Nxe4 22. Nxe4 Qf5 23. f3 Qe5+ 24. Ng3 Qxe3 25. Qxe3 Rxe3 26. Rge1 Rde8 27. Rxe3 Rxe3 28. Rd2 Kf8 29. Rc2 Ke7 30. c5 Bd7 31. cxb6 cxb6 32. Rc7 Kd8 33. Ra7 Ra3 34. Ne4 a5 35. Nxd6 axb4 36. Rxa3 bxa3 37. Nc4 Ke7 38. Nxa3 Kd6 39. Nc4+ Kc5 40. Ne5 Be8 41. d6 Kxd6 42. Nd3 Bb5 43. Nf4 Ke5 44. Nh5 g6 45. f4+ Ke6 46. Ng3 Kd5 47. Kg1 Kc4 48. Ne4 Kb4 49. Nd6 Bc4 50. a3+ Kc5 51. Ne4+ Kd4 52. Nf6 h5 53. a4 Kc5 54. g4 hxg4 55. hxg4 Kb4 56. Nd7 Ka5 57. f5 gxf5 58. gxf5 Bb3 59. Ne5 Kxa4 60. Kf2 b5 61. Ke3 b4 62. Kd2 Ba2 63. Kc1 Ka3 64. Nd3 Bc4 65. Nb2 Kb3 66. Kb1 f6 67. Kc1 Be2 68. Kb1 Bg4 69. Nd3 Bxf5 70. Ka1 Kc3 71. Nc5 Bc2 72. Ka2 b3+ 73. Ka3 b2 74. Nb3 b1Q 0-1